000 00314pab a2200133 454500
008 180718b1990 xxu||||| |||| 00| 0 eng d
245 _aStatus of women and employment
260 _c1990
300 _a3-94
362 _aJun.
650 _aWomen - Legal Status - India
773 _aSocial Change
909 _a20991
999 _c20991
_d20991